| 000 | 00686nam a22002297a 4500 | ||
|---|---|---|---|
| 003 | OSt | ||
| 005 | 20230630071713.0 | ||
| 008 | 230630b |||||||| |||| 00| 0 eng d | ||
| 020 | _a9781092401036 | ||
| 040 |
_cNIRUC _dNIRUC |
||
| 050 |
_aDT 4503. _b. R83 2015 |
||
| 100 |
_aNdahiro Alfred, _eeditor. |
||
| 245 |
_aRWANDA : _brebuilding of a nation / _cedited by A. Ndahiro, J. Rwagatare, A. Nkusi. |
||
| 260 |
_aKigali ; _bFountain Publishers, _c2015. |
||
| 300 |
_axvi, 264p, ; _bill, _c24 cm. |
||
| 650 | _2Rwanda | ||
| 650 | _2Politics and government | ||
| 650 | _2Front patriotique rwandais | ||
| 700 |
_aRwagatare, J _eeditor. |
||
| 700 |
_aNkusi A. _eeditor |
||
| 942 |
_2lcc _cBK _n0 |
||
| 999 |
_c372 _d372 |
||